000 00570nam a2200229Ia 4500
003 OSt
005 20220918200848.0
006 a|||||r|||| 00| 0
007 ta
008 220917b |||||||| |||| 00| 0 eng d
024 _a90,577
037 _cTextual
040 _aARTS
_cARTS
_beng
041 _2eng
_aeng
082 _aU671, J9 (UD)
100 _aHaw Richard C
_995807
245 0 _aConservation of natural resources
260 _c1959
650 _aGEOGRAPHY
942 _hU671, J9 (UD)
_cTEXL
_2CC
999 _c214238
_d214238